Online Catalogue and eLibrary

A sourcebook of feminist theatre and performance : (Record no. 3074)

MARC details
000 -LEADER
fixed length control field 00501nam a2200193Ia 4500
005 - DATE AND TIME OF LATEST TRANSACTION
control field 20240828070910.0
008 - FIXED-LENGTH DATA ELEMENTS--GENERAL INFORMATION
fixed length control field 240331s9999 xx 000 0 und d
020 ## - INTERNATIONAL STANDARD BOOK NUMBER
ISBN 0415106451
082 ## - DDC Classification
Item Number - Author Mark ASO
Class No. 792.082
100 ## - MAIN ENTRY--PERSONAL NAME
Personal name
245 #2 - TITLE STATEMENT
Title A sourcebook of feminist theatre and performance :
Remainder of title On and beyond the stage
260 ## - PUBLICATION, DISTRIBUTION, ETC.
Place of publication, distribution, etc. New York
Name of publisher, distributor, etc. Routledge
Date of publication, distribution, etc. 1996
300 ## - PHYSICAL DESCRIPTION
Extent (e.g. Volumes, Pages etc.) xix, 311 p .,
650 ## - SUBJECT ADDED ENTRY--TOPICAL TERM
Topical term or geographic name entry element Feminist Theatre
650 ## - SUBJECT ADDED ENTRY--TOPICAL TERM
Topical term or geographic name entry element Gender
650 ## - SUBJECT ADDED ENTRY--TOPICAL TERM
Topical term or geographic name entry element Arts
700 ## - ADDED ENTRY--PERSONAL NAME
Personal name Martin, C.
Relator term (Role) Editor
942 ## - Koha item type (Biblio)
Koha item type Books in Stacks (Lending)
Holdings
Lost status Damaged status Collection code Home library Current library Shelving location Date acquired Full call number Accession Number Item type
    Lending WERC Library WERC Library Social Science Cupboard 03/31/2024 792.082 ASO 2279 Books in Stacks (Lending)

© WERC Library